WORKBOOK OF ANATOMY : UPPER LIMB THORAX VOL-1 (Record no. 30806)
[ view plain ]
| 000 -LEADER | |
|---|---|
| fixed length control field | 00380nam a22001577a 4500 |
| 003 - CONTROL NUMBER IDENTIFIER | |
| control field | SGT |
| 082 ## - DEWEY DECIMAL CLASSIFICATION NUMBER | |
| Classification number | 611 |
| Item number | W25S |
| 100 ## - MAIN ENTRY--PERSONAL NAME | |
| Personal name | SONTAKKE, YOGESH |
| 245 ## - TITLE STATEMENT | |
| Title | WORKBOOK OF ANATOMY : UPPER LIMB THORAX VOL-1 |
| 250 ## - EDITION STATEMENT | |
| Edition statement | 1ST |
| 260 ## - PUBLICATION, DISTRIBUTION, ETC. (IMPRINT) | |
| Place of publication, distribution, etc | INDIA |
| Name of publisher, distributor, etc | CBS PUB |
| Year of Publication | 2025 |
| 300 ## - PAGE DESCRIPTION | |
| No. of Pages | 77 |
| 650 ## - SUBJECT ADDED ENTRY--TOPICAL TERM | |
| Topical term or geographic name as entry element | HUMAN ANATOMY |
| 653 ## - KEYWORDS--INDEX TERM | |
| Keyword term | WORKBOOK OF ANATOMY : UPPER LIMB THORAX |
| 942 ## - ADDED ENTRY ELEMENTS (KOHA) | |
| Source of classification or shelving scheme | Dewey Decimal Classification |
| Koha item type | Books |
| Withdrawn status | Lost status | Source of classification or shelving scheme | Damaged status | Not for loan | Collection code | Home library | Current library | Shelving location | Date acquired | Vendor Name | Cost, normal purchase price | Volume Information (Serial or Books or Non-Book Material) | SGTU | Bill Number | Full call number | Accession No. (Barcode) | Date last seen | Bill Date | Koha item type | Total Checkouts | Date last borrowed |
|---|---|---|---|---|---|---|---|---|---|---|---|---|---|---|---|---|---|---|---|---|---|
| Dewey Decimal Classification | Not For Loan | MEDICAL | SGT Medical Library | SGT Medical Library | Text Book | 11/02/2025 | ABC DELHI | 0.00 | VOL-1 | SGTU | 20461 | 611 W25S | FM15081 | 09/04/2025 | 11/02/2025 | Books | |||||
| Dewey Decimal Classification | MEDICAL | SGT Medical Library | SGT Medical Library | Text Book | 11/02/2025 | ABC DELHI | 0.00 | VOL-1 | SGTU | 20461 | 611 W25S | FM15082 | 09/04/2025 | 11/02/2025 | Books | ||||||
| Dewey Decimal Classification | MEDICAL | SGT Medical Library | SGT Medical Library | Text Book | 11/02/2025 | ABC DELHI | 0.00 | VOL-1 | SGTU | 20461 | 611 W25S | FM15083 | 09/04/2025 | 11/02/2025 | Books | ||||||
| Dewey Decimal Classification | MEDICAL | SGT Medical Library | SGT Medical Library | Text Book | 11/02/2025 | ABC DELHI | 0.00 | VOL-1 | SGTU | 20461 | 611 W25S | FM15084 | 06/01/2026 | 11/02/2025 | Books | 1 | 24/11/2025 | ||||
| Dewey Decimal Classification | MEDICAL | SGT Medical Library | SGT Medical Library | Text Book | 11/02/2025 | ABC DELHI | 0.00 | VOL-1 | SGTU | 20461 | 611 W25S | FM15085 | 09/04/2025 | 11/02/2025 | Books |